|
|
|
|
| LEADER |
03422nam a2200889 a 4500 |
| 001 |
nkc20091865092 |
| 003 |
CZ PrNK |
| 005 |
20090820074252.0 |
| 007 |
ta |
| 008 |
090325s2009 xr abcfe 000 1acze |
| 015 |
|
|
|a cnb001865092
|
| 020 |
|
|
|a 978-80-7336-502-8
|q (váz.)
|
| 035 |
|
|
|a (OCoLC)320227988
|
| 040 |
|
|
|a OLA001
|b cze
|
| 043 |
|
|
|a e-xr---
|a a-ii---
|
| 045 |
|
|
|a x9x9
|
| 072 |
|
7 |
|a 22/24
|x Náboženství Dálného východu. Indická náboženství. Hinduismus. Buddhismus
|2 Konspekt
|9 5
|
| 072 |
|
7 |
|a 929
|x Biografie
|2 Konspekt
|9 8
|
| 080 |
|
|
|a 75.071.1-055.2
|2 MRF
|
| 080 |
|
|
|a 929
|2 MRF
|
| 080 |
|
|
|a 910.4
|2 MRF
|
| 080 |
|
|
|a 2-736-784
|2 MRF
|
| 080 |
|
|
|a 2-335
|2 MRF
|
| 080 |
|
|
|a 2-584
|2 MRF
|
| 080 |
|
|
|a 2-145.55
|2 MRF
|
| 080 |
|
|
|a 17.02
|2 MRF
|
| 080 |
|
|
|a 2-583
|2 MRF
|
| 080 |
|
|
|a 233-1/-9
|2 MRF
|
| 080 |
|
|
|a 27-67:233
|2 MRF
|
| 080 |
|
|
|a 2-664.3
|2 MRF
|
| 080 |
|
|
|a 908(540)
|2 MRF
|
| 080 |
|
|
|a (437.3)
|2 MRF
|
| 080 |
|
|
|a (0:82-94)
|2 MRF
|
| 080 |
|
|
|a (0:82-992)
|2 MRF
|
| 100 |
1 |
|
|a Puchnarová, Dana,
|d 1938-2025
|7 jn20000402069
|4 aut
|
| 245 |
1 |
0 |
|a Z Čech do Indie za Satja Saí Bábou :
|b cesta malířky do království nejvyššího míru /
|c Dana Puchnarová
|
| 250 |
|
|
|a Vyd. 1.
|
| 260 |
|
|
|a V Olomouci :
|b Fontána,
|c 2009
|
| 300 |
|
|
|a 343 s., [16] s. barev. obr. příl. :
|b il., mapa, portréty ;
|c 21 cm
|
| 600 |
0 |
7 |
|a Satjá Saí Baba,
|d 1926-2011
|7 jn19990210557
|2 czenas
|
| 600 |
1 |
7 |
|a Puchnarová, Dana,
|d 1938-2025
|7 jn20000402069
|2 czenas
|
| 648 |
|
4 |
|a 1996
|
| 650 |
0 |
7 |
|a malířky
|7 ph122597
|z Česko
|y 20.-21. století
|2 czenas
|
| 650 |
0 |
7 |
|a cesty a pobyt
|7 ph137578
|z Indie
|y 1991-2000
|2 czenas
|
| 650 |
0 |
7 |
|a náboženské instituce a organizace
|7 ph218069
|z Indie
|y 1991-2000
|2 czenas
|
| 650 |
0 |
7 |
|a duchovní učitelé
|7 ph119637
|z Indie
|y 1991-2000
|2 czenas
|
| 650 |
0 |
7 |
|a duchovní život
|7 ph114375
|2 czenas
|
| 650 |
0 |
7 |
|a zázraky
|7 ph116811
|2 czenas
|
| 650 |
0 |
7 |
|a životní harmonie
|7 ph138147
|2 czenas
|
| 650 |
0 |
7 |
|a meditace
|7 ph115255
|2 czenas
|
| 650 |
0 |
7 |
|a učení hinduismu
|7 ph164205
|2 czenas
|
| 650 |
0 |
7 |
|a křesťanství a hinduismus
|7 ph138518
|2 czenas
|
| 650 |
0 |
7 |
|a universalismus (náboženství)
|7 ph116539
|2 czenas
|
| 650 |
0 |
9 |
|a women painters
|z Czechia
|y 20th-21st centuries
|2 eczenas
|
| 650 |
0 |
9 |
|a voyages and travels
|z India
|y 1991-2000
|2 eczenas
|
| 650 |
0 |
9 |
|a religious institutions and organizations
|z India
|y 1991-2000
|2 eczenas
|
| 650 |
0 |
9 |
|a spiritual teachers
|z India
|y 20th-21st centuries
|2 eczenas
|
| 650 |
0 |
9 |
|a spiritual life
|2 eczenas
|
| 650 |
0 |
9 |
|a miracles
|2 eczenas
|
| 650 |
0 |
9 |
|a harmony of life
|2 eczenas
|
| 650 |
0 |
9 |
|a meditation
|2 eczenas
|
| 650 |
0 |
9 |
|a Hindu doctrine
|2 eczenas
|
| 650 |
0 |
9 |
|a Christianity and Hinduism
|2 eczenas
|
| 650 |
0 |
9 |
|a universalism (religion)
|2 eczenas
|
| 651 |
|
7 |
|a Indie
|7 ge129384
|x reálie
|2 czenas
|
| 651 |
|
9 |
|a India
|x description and travel
|2 eczenas
|
| 653 |
0 |
|
|a ášramy
|
| 655 |
|
7 |
|a autobiografické vzpomínky
|7 fd131854
|2 czenas
|
| 655 |
|
7 |
|a cestopisy
|7 fd131956
|2 czenas
|
| 655 |
|
9 |
|a autobiographical reminiscences
|2 eczenas
|
| 655 |
|
9 |
|a books of travels
|2 eczenas
|
| 856 |
4 |
1 |
|u http://www.digitalniknihovna.cz/mzk/uuid/uuid:6f9f53d0-cc66-11e3-aec3-005056827e52
|y Digitalizovaný dokument
|x NDK
|
| 910 |
2 |
|
|a BOA001
|b 2-1223.548
|
| 990 |
|
|
|a BK
|
| 995 |
|
|
|a 01
|
| 991 |
|
|
|b 200905
|c NOV
|
| 996 |
6 |
|
|b 2610376150
|c 2-1223.548
|l MZK
|r Sklad / do 1 hodiny
|n 2
|p p.v.
|w 000937844
|u 000010
|a 1
|e BOA001
|j MZK50
|s P
|